<?xml version="1.0" encoding="UTF-8"?>
<record
    xmlns:xsi="http://www.w3.org/2001/XMLSchema-instance"
    xsi:schemaLocation="http://www.loc.gov/MARC21/slim http://www.loc.gov/standards/marcxml/schema/MARC21slim.xsd"
    xmlns="http://www.loc.gov/MARC21/slim">

  <leader>01182nam a2200265 a 4500</leader>
  <controlfield tag="005">20240415113743.0</controlfield>
  <controlfield tag="008">100630t2013||||ag  f   s  sp sp1 d</controlfield>
  <datafield tag="020" ind1=" " ind2=" ">
    <subfield code="a">9789508923318</subfield>
  </datafield>
  <datafield tag="041" ind1=" " ind2=" ">
    <subfield code="a">spa</subfield>
  </datafield>
  <datafield tag="092" ind1=" " ind2=" ">
    <subfield code="c">614.072</subfield>
    <subfield code="l">80</subfield>
    <subfield code="s">SOU</subfield>
  </datafield>
  <datafield tag="100" ind1="1" ind2=" ">
    <subfield code="a">Souza Minayo, Mar&#xED;a Cecilia de.</subfield>
    <subfield code="9">1109</subfield>
  </datafield>
  <datafield tag="245" ind1=" " ind2="3">
    <subfield code="a">La artesan&#xED;a de la investigaci&#xF3;n cualitativa /  </subfield>
    <subfield code="c">Maria Cecilia de Souza Minayo.</subfield>
  </datafield>
  <datafield tag="250" ind1=" " ind2=" ">
    <subfield code="a">1a ed. 1a. reimp. </subfield>
    <subfield code="b">Traducci&#xF3;n del portugu&#xE9;s Viviana Martinovich</subfield>
  </datafield>
  <datafield tag="260" ind1=" " ind2=" ">
    <subfield code="a">Buenos Aires: </subfield>
    <subfield code="b">Lugar Editorial;</subfield>
    <subfield code="c">2013.</subfield>
  </datafield>
  <datafield tag="300" ind1=" " ind2=" ">
    <subfield code="a">336 p.</subfield>
    <subfield code="c">23x16 cm.</subfield>
  </datafield>
  <datafield tag="500" ind1=" " ind2=" ">
    <subfield code="a">Souza Minayo, M. C. de (2013). La artesan&#xED;a de la investigaci&#xF3;n cualitativa. (1a ed.). Buenos Aires : Lugar Editorial.</subfield>
  </datafield>
  <datafield tag="590" ind1=" " ind2=" ">
    <subfield code="a">Proyecto Silvia Avila 2017</subfield>
  </datafield>
  <datafield tag="653" ind1=" " ind2=" ">
    <subfield code="a">Introducci&#xF3;n a la artesania de la investigaci&#xF3;n cualitativa</subfield>
  </datafield>
  <datafield tag="653" ind1=" " ind2=" ">
    <subfield code="a">Conceptos b&#xE1;sicos sobre metodolog&#xED;a y abordajes cualitativos</subfield>
  </datafield>
  <datafield tag="653" ind1=" " ind2=" ">
    <subfield code="a">Teor&#xED;a, epistemolog&#xED;a y m&#xE9;todos: caminos del pensamiento</subfield>
  </datafield>
  <datafield tag="653" ind1=" " ind2=" ">
    <subfield code="a">Construcci&#xF3;n del proyecto de investigaci&#xF3;n: fase exploratoria</subfield>
  </datafield>
  <datafield tag="653" ind1=" " ind2=" ">
    <subfield code="a">Trabajo de campo: teor&#xED;a, estrategias y t&#xE9;cnicas</subfield>
  </datafield>
  <datafield tag="653" ind1=" " ind2=" ">
    <subfield code="a">Fase de an&#xE1;lisis del material cualitativo</subfield>
  </datafield>
  <datafield tag="942" ind1=" " ind2=" ">
    <subfield code="2">ddc</subfield>
    <subfield code="c">BK</subfield>
  </datafield>
  <datafield tag="999" ind1=" " ind2=" ">
    <subfield code="c">2435</subfield>
    <subfield code="d">2435</subfield>
  </datafield>
  <datafield tag="952" ind1=" " ind2=" ">
    <subfield code="0">0</subfield>
    <subfield code="1">0</subfield>
    <subfield code="2">ddc</subfield>
    <subfield code="4">0</subfield>
    <subfield code="7">0</subfield>
    <subfield code="a">BFM</subfield>
    <subfield code="b">BFM</subfield>
    <subfield code="c">CR</subfield>
    <subfield code="d">2017-09-04</subfield>
    <subfield code="e">Proyecto Prof. Silvia Avila, Septiembre 2017</subfield>
    <subfield code="l">1</subfield>
    <subfield code="m">3</subfield>
    <subfield code="o">302.072 80 SOU</subfield>
    <subfield code="p">3896</subfield>
    <subfield code="r">2022-02-14</subfield>
    <subfield code="s">2017-09-07</subfield>
    <subfield code="t">Ej.1</subfield>
    <subfield code="w">2017-09-04</subfield>
    <subfield code="y">BK</subfield>
    <subfield code="z">Proyecto Prof. Silvia Avila, Septiembre 2017</subfield>
  </datafield>
</record>
